[Event "Nettetal op"]
[Site "Nettetal"]
[Date "2010.07.09"]
[Round "8"]
[White "Thieme, Wolfgang"]
[Black "Akkerboom, Hans"]
[Result "1-0"]
[WhiteElo "1935"]
[BlackElo "1574"]
[PlyCount "63"]
[EventDate "2010.07.03"]
[EventType "swiss"]
[EventRounds "9"]
[EventCountry "GER"]
[SourceTitle "CBM 137 Extra"]
[Source "ChessBase"]
[SourceDate "2010.09.01"]
[SourceVersion "1"]
[SourceVersionDate "2010.09.01"]
[SourceQuality "1"]

1. e4 c5 2. d4 cxd4 3. c3 g6 4. Nf3 Bg7 5. Bc4 Nc6 6. 0-0 e6 7. cxd4 Nge7 8. d5 Na5 9. Be2 a6 10. Nc3 d6 11. dxe6 fxe6 12. Ng5 h6 13. Nf3 0-0 14. Be3 b5 15. Qd2 Kh7 16. Rad1 Nb7 17. h4 Bd7 18. Bf4 Nc5 19. Bxd6 Bxc3 20. bxc3 Nxe4 21. Bxe7 Nxd2 22. Bxd8 Nxf3+ 23. Bxf3 Raxd8 24. Rd6 Bc8 25. Rfd1 Rxd6 26. Rxd6 Kg7 27. Kf1 Kf6 28. Ke2 Ke5 29. Rd4 Rf7 30. Rg4 Kf5 31. Re4 Bb7 32. g4+ 1-0

[Event "Nettetal op"]
[Site "Nettetal"]
[Date "2010.07.04"]
[Round "2"]
[White "Walther, Andreas"]
[Black "Akkerboom, Hans"]
[Result "1-0"]
[WhiteElo "1973"]
[BlackElo "1574"]
[PlyCount "111"]
[EventDate "2010.07.03"]
[EventType "swiss"]
[EventRounds "9"]
[EventCountry "GER"]
[SourceTitle "CBM 137 Extra"]
[Source "ChessBase"]
[SourceDate "2010.09.01"]
[SourceVersion "1"]
[SourceVersionDate "2010.09.01"]
[SourceQuality "1"]

1. e4 c5 2. Nf3 g6 3. d4 cxd4 4. Nxd4 Nc6 5. c4 Nf6 6. Nxc6 bxc6 7. Nc3 Bg7 8. e5 Ng8 9. Bf4 f6 10. exf6 Nxf6 11. Bd3 d6 12. 0-0 0-0 13. Rc1 e5 14. Bg5 Qc7 15. b3 Bb7 16. f4 exf4 17. Bxf4 Nh5 18. Bd2 Qb6+ 19. Kh1 Rxf1+ 20. Bxf1 Rf8 21. Be2 Bxc3 22. Rxc3 Nf6 23. Bf3 d5 24. cxd5 Nxd5 25. Rc1 Nf4 26. Qc2 Nd5 27. h3 Qf2 28. Bh6 Qxc2 29. Rxc2 Rf5 30. Bd2 a5 31. Rc4 Nb6 32. Rd4 Kf7 33. Rd3 Rc5 34. Be3 Rb5 35. a4 Rb4 36. Bc5 Ba6 37. Bxb4 Bxd3 38. Bxa5 Nd5 39. Bd1 Be4 40. Bd2 Kf6 41. Kg1 g5 42. Kf2 h6 43. g3 Ke5 44. Be3 Kd6 45. h4 gxh4 46. gxh4 Nc3 47. Bh5 Bb1 48. Bxh6 Ba2 49. Bg7 Ne4+ 50. Ke3 Ng3 51. Bf8+ Ke5 52. Bg7+ Ke6 53. Bg4+ Kf7 54. Be5 Bxb3 55. Bxg3 Bxa4 56. Kd4 1-0

[Event "Nettetal op"]
[Site "Nettetal"]
[Date "2010.07.03"]
[Round "1"]
[White "Akkerboom, Hans"]
[Black "Egel, Amos"]
[Result "0-1"]
[WhiteElo "1574"]
[BlackElo "1984"]
[PlyCount "50"]
[EventDate "2010.07.03"]
[EventType "swiss"]
[EventRounds "9"]
[EventCountry "GER"]
[SourceTitle "CBM 137 Extra"]
[Source "ChessBase"]
[SourceDate "2010.09.01"]
[SourceVersion "1"]
[SourceVersionDate "2010.09.01"]
[SourceQuality "1"]

1. e4 e5 2. Nf3 Nc6 3. Bb5 a6 4. Ba4 Nf6 5. Qe2 b5 6. Bb3 Bc5 7. 0-0 d6 8. c3 Bg4 9. d3 Qd7 10. Be3 Bxe3 11. Qxe3 0-0 12. Nbd2 Rae8 13. c4 Ne7 14. a4 b4 15. Bd1 Ng6 16. Nb3 Nf4 17. Nfd2 Bxd1 18. Rfxd1 Ng4 19. Qf3 f5 20. h3 Nh6 21. Qe3 Re6 22. Kh2 Rg6 23. Rg1 Qe7 24. Nd4 Ng4+ 25. hxg4 Qh4+ 0-1